000 00377nam a2200157Ia 4500
003 Ost
005 20260225132544.0
008 260225s9999||||xx |||||||||||||| ||und||
040 _cfsic
041 _afre
082 _a440
100 _aCatherine coquery
_eAuteur
245 0 _aProblemes de frantieres dans le tiers-monde /
245 0 _cCatherine coquery
942 _cكتاب
999 _c33701
_d33701